Statistics for Constituencies of Iceland

Click here to take the quiz!

General Stats

  • This quiz has been taken 4 times
  • The average score is 5 of 6

Answer Stats

Constituency% Correct
Northeast Constituency
100%
South Constituency
100%
Northwest Constituency
75%
Southwest Constituency
75%
Reykjavík Constituency North
50%
Reykjavík Constituency South
50%

Score Distribution

Percentile by Number Answered

Percent of People with Each Score

Your Score History

You have not taken this quiz